مرجع أساسيات الحوسبة / (رقم التسجيلة. 5545)
[ عرض عادي ]
| 000 -الفاتح | |
|---|---|
| عناصر البيانات ثابتة الطول | 00960cam a2200241 i 4500 |
| 005 - تاريخ ووقت آخر معاملة | |
| حقل ضبط | 20251108164156.0 |
| 008 - عناصر البيانات ثابتة الطول | |
| عناصر البيانات ثابتة الطول | 250721s2000 sy a gr 000 0 ara d |
| 041 1# - كود اللغة | |
| كود اللغة لنص/مسار صوت أو عنوان منفصل | ara |
| كود اللغة للأصل | eng |
| 082 14 - رقم تصنيف ديوي العشري | |
| رقم التصنيف | 004 |
| رقم المادة | د ا ر |
| 240 10 - عنوان مقنن | |
| عنوان مقنن | Reference in computing essentials. |
| 245 10 - بيان العنوان | |
| العنوان | مرجع أساسيات الحوسبة / |
| بيان المسؤولية | ترجمة و اعداد دار الرضا للنشر ؛ اشراف م قاسم موسى شعبان ؛ شادي سيدا. |
| 246 10 - الأشكال المختلفة للعنوان | |
| العنوان الفعلي/العنوان المختصر | اساسيات الحاسوب. |
| 250 ## - بيان الطبعة | |
| بيان الطبعة | الطبعة الأولى. |
| 264 1# - بيانات النشر، التوزيع…إلخ | |
| مكان النشر، التوزيع...إلخ | دمشق : |
| اسم الناشر، الموزع...إلخ | دار الرضا للنشر، |
| تاريخ النشر، التوزيع...إلخ | 2000. |
| 300 ## - الوصف المادي | |
| عدد الوحدات المكونة للوعاء | جزء 1. |
| 490 0# - بيان السلسلة | |
| عنوان السلسلة | سلسلة الرضا للمعلومات ؛ |
| رقم الوعاء في السلسلة | 48 |
| 505 0# - تبصرة محتويات مقننة | |
| تبصرة محتويات مقننة | المحتويات : الجزء الثاني : اساسيات الحاسوب. |
| 650 17 - مدخل إضافي بالموضوع - مصطلح موضوعي | |
| مصطلح موضوعي أو اسم جغرافي كعنصر مدخل | الحواسيب. |
| 650 17 - مدخل إضافي بالموضوع - مصطلح موضوعي | |
| مصطلح موضوعي أو اسم جغرافي كعنصر مدخل | علم الحاسوب. |
| 710 2# - مدخل إضافي - اسم هيئة | |
| اسم الهيئة أو السلطة المختصة كعنصر مدخل | دار الرضا للنش ؛ |
| الوحدة الفرعية | مترجم. |
| 942 ## - بيانات إضافية (كوها) | |
| نوع التنصيف | Dewey Decimal Classification |
| نوع المادة (كوها) | كتب |
| حالة السحب | حالة الفقدان | مصدر التصنيف | حالة التلف | غير قابل للإعارة | المكتبة الرئيسية | المكتبة الحالية | موقع الرف | تاريخ التزويد | الرقم المتسلسل | Total Checkouts | رقم الإستدعاء | تاريخ آخر ظهور | تاريخ الفاتورة | نوع المادة (كوها) | الباركود |
|---|---|---|---|---|---|---|---|---|---|---|---|---|---|---|---|
| Dewey Decimal Classification | Unchecked | المكتبة المركزية | المكتبة المركزية | الإعارة | 06/07/2004 | 436254 | 004/مرج | 28/07/2025 | 06/07/2004 | كتب | |||||
| Dewey Decimal Classification | المكتبة المركزية | المكتبة المركزية | الإعارة | 06/07/2004 | 436256 | 004 / دا ر | 28/07/2025 | 06/07/2004 | كتب | 436256 | |||||
| Dewey Decimal Classification | مكتبة أم قصير والمقابلين العامة | مكتبة أم قصير والمقابلين العامة | الإعارة | 06/07/2004 | 436270 | 004/مرج | 28/07/2025 | 06/07/2004 | كتب | 436270 | |||||
| Dewey Decimal Classification | مكتبة أم قصير والمقابلين العامة | مكتبة أم قصير والمقابلين العامة | الإعارة | 06/07/2004 | 438204 | 004/مرج | 28/07/2025 | 06/07/2004 | كتب | 438204 | |||||
| Dewey Decimal Classification | Unchecked | مكتبة الاميرة بديعة | مكتبة الاميرة بديعة | الإعارة | 06/07/2004 | 436265 | 004/مرج | 28/07/2025 | 06/07/2004 | كتب | |||||
| Dewey Decimal Classification | مكتبة الاميرة بديعة | مكتبة الاميرة بديعة | الإعارة | 20/10/2016 | 438199 | 004/مرج | 28/07/2025 | 20/10/2016 | كتب | PLD00396729 | |||||
| Dewey Decimal Classification | مكتبة النصر العامة | مكتبة النصر العامة | الإعارة | 25/09/2014 | 438207 | 004/مرج | 28/07/2025 | 25/09/2014 | كتب | PLD00307297 | |||||
| Dewey Decimal Classification | مكتبة النصر العامة | مكتبة النصر العامة | الإعارة | 25/09/2014 | 436273 | 004/مرج | 28/07/2025 | 25/09/2014 | كتب | PLD00307460 | |||||
| Dewey Decimal Classification | مكتبة حمزة العامة | مكتبة حمزة العامة | الإعارة | 01/11/2015 | 436268 | 004/مرج | 28/07/2025 | 01/11/2015 | كتب | PLD00361497 | |||||
| Dewey Decimal Classification | مكتبة صويلح العامة | مكتبة صويلح العامة | الإعارة | 12/05/2015 | 438197 | 004/مرج | 28/07/2025 | 12/05/2015 | كتب | PLD00327666 | |||||
| Dewey Decimal Classification | مكتبة صويلح العامة | مكتبة صويلح العامة | الإعارة | 12/05/2015 | 436263 | 004/مرج | 28/07/2025 | 12/05/2015 | كتب | PLD00327719 |